Statistics for Official Country Names of the World Quiz

Click here to take the quiz!

General Stats

  • This quiz has been taken 8,795 times
    (7,033 since last reset)
  • The average score is 58 of 196

Answers on the Map

Answers color-coded by a green-red scale on the quiz's map according to % correct below.
 

Answer Stats

Country% Correct
United States of America
88%
Canada
82%
People's Republic of China
60%
Japan
54%
Russian Federation
53%
Iceland
50%
Ireland
50%
United Kingdom of Great Britain and Northern Ireland
49%
Kingdom of Denmark
47%
Republic of Korea
47%
Kingdom of Norway
46%
Kingdom of Spain
46%
Kingdom of Sweden
46%
Republic of China
46%
Dominican Republic
45%
French Republic
44%
Democratic Republic of the Congo
43%
New Zealand
42%
United Arab Emirates
42%
Czech Republic
40%
Democratic People's Republic of Korea
40%
Kingdom of Saudi Arabia
40%
Republic of Finland
40%
Republic of India
40%
Republic of the Congo
40%
Ukraine
40%
Mongolia
39%
Republic of Poland
39%
Kingdom of Belgium
38%
Kingdom of the Netherlands
38%
Republic of Turkey
38%
Republic of Estonia
37%
Central African Republic
36%
Republic of Austria
36%
Republic of Chile
36%
Republic of Latvia
36%
Republic of Lithuania
36%
Italian Republic
35%
Republic of Belarus
35%
Republic of Bulgaria
35%
Republic of Colombia
35%
Republic of Peru
35%
Republic of Serbia
35%
Republic of South Africa
35%
Hellenic Republic
34%
Islamic Republic of Iran
34%
Republic of Albania
34%
Republic of Croatia
34%
Republic of Cuba
34%
Republic of Ecuador
34%
Republic of Guatemala
34%
Republic of Kazakhstan
34%
Republic of Panama
34%
Romania
34%
Federal Republic of Germany
33%
Jamaica
33%
Kingdom of Thailand
33%
Republic of Costa Rica
33%
Republic of El Salvador
33%
Republic of Honduras
33%
Republic of Indonesia
33%
Republic of Moldova
33%
Republic of North Macedonia
33%
Republic of Paraguay
33%
Republic of Slovenia
33%
Bosnia and Herzegovina
32%
Federated States of Micronesia
32%
Republic of Armenia
32%
Republic of Azerbaijan
32%
Republic of Haiti
32%
Republic of Iraq
32%
Republic of Kosovo
32%
Republic of Nicaragua
32%
Republic of Uzbekistan
32%
Belize
31%
Commonwealth of Australia
31%
Hungary
31%
Kingdom of Morocco
31%
Republic of Angola
31%
Republic of Chad
31%
Republic of Cyprus
31%
Republic of Kenya
31%
Republic of Mali
31%
Republic of Malta
31%
Republic of Namibia
31%
Republic of Niger
31%
Republic of Suriname
31%
Republic of Tajikistan
31%
Georgia
30%
Republic of Benin
30%
Republic of Botswana
30%
Republic of Ghana
30%
Republic of Madagascar
30%
Republic of Mozambique
30%
Republic of South Sudan
30%
Republic of Tunisia
30%
Republic of Uganda
30%
Republic of Yemen
30%
Republic of Zambia
30%
Republic of Zimbabwe
30%
Portuguese Republic
29%
Republic of Burundi
29%
Republic of Cameroon
29%
Republic of Guinea
29%
Republic of Liberia
29%
Republic of Malawi
29%
Republic of Rwanda
29%
Republic of Senegal
29%
Saint Lucia
29%
United Mexican States
29%
Antigua and Barbuda
28%
Barbados
28%
Islamic Republic of Pakistan
28%
Kingdom of Eswatini
28%
Montenegro
28%
Republic of Guinea-Bissau
28%
Republic of Sierra Leone
28%
Republic of the Philippines
28%
Slovak Republic
28%
Kingdom of Bhutan
27%
Malaysia
27%
Republic of Cabo Verde
27%
Republic of Côte d'Ivoire
27%
Republic of Djibouti
27%
Republic of Equatorial Guinea
27%
Republic of Fiji
27%
Republic of Mauritius
27%
Saint Vincent and the Grenadines
27%
Swiss Confederation
27%
Grand Duchy of Luxembourg
26%
Grenada
26%
Kingdom of Lesotho
26%
Republic of Kiribati
26%
Republic of Maldives
26%
Republic of Nauru
26%
Republic of Palau
26%
Republic of San Marino
26%
Republic of Vanuatu
26%
Solomon Islands
26%
Kingdom of Bahrain
25%
Principality of Andorra
25%
Principality of Monaco
25%
Republic of Seychelles
25%
Republic of Singapore
25%
Republic of the Marshall Islands
25%
Sultanate of Oman
25%
Turkmenistan
25%
Burkina Faso
24%
Republic of The Gambia
24%
Republic of Trinidad and Tobago
24%
State of Israel
24%
Tuvalu
24%
Argentine Republic
23%
Kingdom of Cambodia
23%
Principality of Liechtenstein
23%
Bolivarian Republic of Venezuela
22%
Hashemite Kingdom of Jordan
22%
Kingdom of Tonga
22%
Arab Republic of Egypt
21%
Kyrgyz Republic
21%
Commonwealth of The Bahamas
20%
Federative Republic of Brazil
20%
Socialist Republic of Vietnam
20%
Syrian Arab Republic
20%
Islamic Emirate of Afghanistan
19%
Islamic Republic of Mauritania
18%
Lebanese Republic
18%
Oriental Republic of Uruguay
18%
Plurinational State of Bolivia
18%
People's Republic of Bangladesh
17%
State of Kuwait
17%
State of Qatar
17%
Commonwealth of Dominica
16%
Federal Republic of Nigeria
16%
Gabonese Republic
16%
Lao People's Democratic Republic
16%
Togolese Republic
16%
Vatican City State
16%
Co-operative Republic of Guyana
15%
People's Democratic
Republic of Algeria
15%
Republic of the Sudan
15%
State of Libya
15%
United Republic of Tanzania
15%
Democratic Socialist Republic of Sri Lanka
14%
Federal Republic of Somalia
14%
Republic of the Union of Myanmar
14%
State of Eritrea
14%
Democratic Republic of Timor-Leste
13%
Federal Democratic Republic of Ethiopia
13%
Federal Democratic Republic of Nepal
13%
Federation of Saint Christopher and Nevis
13%
Independent State of Papua New Guinea
13%
Independent State of Samoa
13%
Union of the Comoros
13%
Democratic Republic of São Tomé and Príncipe
12%
Nation of Brunei, the Abode of Peace
10%

Score Distribution

Percentile by Number Answered

Percent of People with Each Score

Your Score History

You have not taken this quiz since the last reset